Traité d'arithmétique / (Record no. 165264)

MARC details
000 -LEADER
campo de control de longitud fija 01123nam a2200241 i 4500
001 - NÚMERO DE CONTROL
campo de control 165264
003 - IDENTIFICADOR DE NÚMERO DE CONTROL
campo de control ES-MaACL
005 - FECHA Y HORA DE LA ÚLTIMA TRANSACCIÓN
campo de control 20250822063219.0
008 - DATOS DE LONGITUD FIJA--INFORMACIÓN GENERAL
campo de control de longitud fija 980904s1875 fr |||| | fre d
040 ## - FUENTE DE CATALOGACIÓN
Centro catalogador/agencia de origen CYL
Lengua de catalogación spa
Centro/agencia transcriptor CYL
100 1# - ENTRADA PRINCIPAL--NOMBRE DE PERSONA
Nombre de persona Serret, Joseph-Alfred,
Fechas asociadas al nombre 1819-1885
9 (RLIN) 156501
245 10 - MENCIÓN DEL TÍTULO
Título Traité d'arithmétique /
Mención de responsabilidad, etc. par J.-A. Serret et par Ch. de Comberousse.
250 ## - MENCION DE EDICION
Mención de edición Sixième édition revue et mise en harmonie avec les derniers programmes officiels
Resto de la mención de edición Par J.-A. Serret et par Ch. de Comberousse.
260 ## - PUBLICACIÓN, DISTRIBUCIÓN, ETC.
Lugar de publicación, distribución, etc. Paris :
Nombre del editor, distribuidor, etc. Gauthier-Villars, imprimeur-libraire,
Fecha de publicación, distribución, etc. 1875.
300 ## - DESCRIPCIÓN FÍSICA
Extensión X, [2], 325 p. ;
Dimensiones 22 cm.
505 8# - NOTA DE CONTENIDO CON FORMATO
Nota de contenido con formato Contiene: Livre I- Les nombres entiers. - Livre II- Les propriétés élémentaires des nombres. - Livre III- Les fractions et les nombres décimaux. - Livre IV- Les nombres incommensurables. - Livre V- Les mesures et les applications
596 ## - NOTA AL PIE DE IMPRENTA
NOTA AL PIE DE IMPRENTA Colofón.
597 ## - NOTA DE DESCRIPCIÓN FÍSICA
NOTA DE DESCRIPCIÓN FÍSICA Antep.
650 07 - PUNTO DE ACCESO ADICIONAL DE MATERIA--TÉRMINO DE MATERIA
Término de materia o nombre geográfico como elemento de entrada Aritmética
Fuente del encabezamiento o término embne
9 (RLIN) 9963
700 0# - ENTRADA AGREGADA--NOMBRE PERSONAL
Nombre de persona Comberousse, Charles de.
9 (RLIN) 39967
852 ## - LOCALIZACIÓN
Ubicación ES-MaACL
Número de control de estantería F-5024
Nota libre -- Enc. hol., conservando la cub. original
Holdings
Estatus retirado Estado de pérdida Estado de daño No para préstamo Colección Biblioteca de origen Biblioteca actual Ubicación en estantería Fecha de adquisición Fuente de adquisición Total de préstamos Signatura topográfica completa Código de barras Visto por última vez Precio de reemplazo Tipo de ítem Koha
        Libros del s. XIX Biblioteca del Ateneo de Madrid Biblioteca del Ateneo de Madrid Depósito 2 17/01/2008     F-5024 1173298 23/02/2023 23/02/2023 Libro impreso antiguo